Đang tải...

Yudhishtirajanmam Tr by M K N Potti /

Chi tiết về thư mục
Tác giả chính: Mithra, Bimal
Ngôn ngữ:Undetermined
Được phát hành: Thrissur : Green Book Shop , 2007.
Những chủ đề:
LEADER 00771nam a2200193Ia 4500
001 159088
008 170722s9999 xx 000 0 und d
020 |a 8181260567 
100 |a Mithra, Bimal 
245 |a Yudhishtirajanmam  |b Tr by M K N Potti / 
260 |a Thrissur :  |b Green Book Shop ,  |c 2007. 
300 |a 152 p. 
653 |a Bengali Literature 
653 |a Novel 
923 |d 20081025  |n 2238 
942 |c GEN 
999 |c 138289  |d 138289 
952 |0 0  |1 0  |4 0  |6 O_1573N12Y_32P732P71KR  |7 0  |9 195538  |a LIB  |b LIB  |d 2013-03-25  |e Mathrubhumi Books  |o O157,3N12,Y 32P7-32P7;1(KR)  |p 269763  |r 2017-08-12  |v 85.00  |w 2017-08-12  |y GEN 
952 |0 0  |1 0  |4 0  |6 O_1573N12Y_32P732P71KR  |7 0  |9 195539  |a LIB  |b LIB  |d 2013-03-25  |e Mathrubhumi Books  |o O157,3N12,Y 32P7-32P7;1(KR)  |p 269764  |r 2017-08-12  |v 85.00  |w 2017-08-12  |y GEN